000 00677cam a22002413a 4500
001 29568
003 PGUSA
005 20140828083635.0
008 090801s2009||||xxu|||||s|||||000 1 eng d
040 _aPGUSA
_beng
042 _adc
050 4 _aPS
100 1 _aBacheller, Irving,
_d1859-1950
245 1 0 _a'Charge It' :
_bKeeping Up With Harry
_h[electronic resource] /
_cIrving Bacheller
260 _bProject Gutenberg,
_c2009
506 _aPublic domain in the USA.
516 _aElectronic text
653 _aDidactic fiction
653 _aHumorous stories
830 0 _aProject Gutenberg
_v29568
856 4 0 _uhttp://www.gutenberg.org/ebooks/29568
942 _cEB
999 _c258823
_d258823